Statistics for Top 10 Coldest U.S. States

Click here to take the quiz!

General Stats

  • This quiz has been taken 22 times
  • The average score is 8 of 10

Answer Stats

° Fstate° C% Correct
28.0Alaska-2.3
100%
43.9Idaho6.6
88%
41.0North Dakota5.0
88%
41.8Maine5.4
82%
42.6Montana5.9
82%
42.3Wyoming5.7
82%
41.7Minnesota5.4
76%
44.0New Hampshire6.7
76%
43.1Vermont6.1
76%
43.9Wisconsin6.6
76%

Score Distribution

Percentile by Number Answered

Percent of People with Each Score

Your Score History

You have not taken this quiz